| 000 | 00568nam a2200205Ia 4500 | ||
|---|---|---|---|
| 003 | GCL | ||
| 008 | 140319s9999 xx 000 0 ara d | ||
| 040 |
_aGCL / _cGCL |
||
| 082 | 0 | 4 |
_a822.043 _bا ذ |
| 100 | 1 | _aعبدالقادر القط | |
| 245 | 1 | 0 |
_aالذهب / _cعبدالقادر القط |
| 700 | 1 | _aاونيل، يوجين | |
| 700 | 1 | _aمحمد الخطيب عباس | |
| 300 | _a132 ص | ||
| 490 |
_aالالف كتاب _v0 |
||
| 650 | 0 | 4 | _aالادب |
| 650 | 0 | 4 | _aالمسرحيات |
| 650 | 0 | 4 | _aالادب الانجليزى |
| 942 |
_2ddc _cBK |
||
| 999 |
_c45954 _d45954 |
||